| 000 | 00778nam a22002177a 4500 | ||
|---|---|---|---|
| 999 |
_c8920 _d8920 |
||
| 003 | AR-CdUCM | ||
| 008 | 190326b ||||| |||| 00| 0 spa d | ||
| 020 | _a84-7846-097-7 | ||
| 040 |
_aMUNICIPALIDAD PROVINCIAL DEL CUSCO _cBIBLIOTECA MUNICIPAL DEL CUSCO |
||
| 082 |
_a211 .9 / _bR44 |
||
| 100 |
_aResines, Luis _924777 |
||
| 245 | _acatecismos americanos del siglo XVI I / | ||
| 260 |
_aSalamanca : _bVarona, _c1992. |
||
| 300 |
_a374 paginas ; _bIlustraciones; _c25 cm. |
||
| 505 | _aContenido : Delimitacion de los instrumentos catequeticos -- Influencia desde España -- Catecismo americanos del siglo XVI estudio histórico . | ||
| 650 |
_aCatecismo _924778 |
||
| 650 |
_aReligión _91195 |
||
| 650 |
_aEstudio historico _915411 |
||
| 942 |
_2ddc _cLIBROS |
||
| 945 | _awnts | ||